ETD repository system using data grid /
Saved in:
| 主要作者: | |
|---|---|
| 格式: | Thesis 图书 |
| 语言: | English |
| 出版: |
2008.
|
| 主题: | |
| 在线阅读: | http://dspace.fsktm.um.edu.my/handle/1812/207 |
| 标签: |
添加标签
没有标签, 成为第一个标记此记录!
|
| LEADER | 01124cam a2200289 a 4500 | ||
|---|---|---|---|
| 001 | u763983 | ||
| 003 | SIRSI | ||
| 005 | 200901081439 | ||
| 008 | 090108s2008 my t 000 0 eng m | ||
| 040 | |a UMM | ||
| 090 | |a QA76.758 |b UM 2008 Shw | ||
| 100 | 1 | |a Shwe, Yee Than. | |
| 245 | 1 | 0 | |a ETD repository system using data grid / |c Shwe Yee Than. |
| 260 | |c 2008. | ||
| 300 | |a iii, 151 leaves : |b ill. ; |c 30 cm. | ||
| 502 | |a Dissertation (M.Softw.Eng.)--Jabatan Sistem dan Teknologi Komputer, Fakulti Sains Komputer dan Teknologi Maklumat, Universiti Malaya, 2008. | ||
| 504 | |a Bibliography: leaves 144-151. | ||
| 650 | 0 | |a Computational grids (Computer systems) | |
| 650 | 0 | |a Electronic dissertations. | |
| 650 | 0 | |a Digital libraries. | |
| 650 | 0 | |a Information storage and retrieval systems. | |
| 650 | 0 | |a Electronic information resources. | |
| 710 | 2 | |a Universiti Malaya. |b Jabatan Sistem dan Teknologi Komputer. | |
| 856 | 4 | 1 | |u http://dspace.fsktm.um.edu.my/handle/1812/207 |
| 900 | |a ZSA-ZA | ||
| 596 | |a 1 | ||
| 999 | |a QA76.758 UM 2008 SHW |w LC |c 1 |i A513451798 |d 11/2/2010 |f 11/2/2010 |g 1 |l STACKS |m P01UTAMA |r Y |s Y |t TESIS |u 10/2/2010 | ||
